00605nam a2200205 a 450000100060000000300080000600500170001400800410003103500190007204000270009104100080011808200220012624500780014826000260022630000260025250400510027865000250032970000240035470000210037828969BD-RjUL20211209051344.0191119s1961 nyu b 1 0 eng d a(BD-RjUL)29053 aNUNbengcNUNdBD-RjUL aeng04223a158bMAN 196114aThe manipulation of human behavior /beditors, A.D.Biderman and H.Zimmer. aN.Y. :bWiley,c1961. axii, 323 p. ;c23 cm. aIncludes bibliographical references and index. 0aPsychology, Applied.1 aBiderman, Albert D.1 aZimmer, Herbert.